banner-ar

GREAT PRINT ADVERTISING: CREATIVE APPROACHES, STRATEGIES AND TACTICS / (Record no. 20388)

MARC details
000 -الفاتح
حقل البيانات ثابتة الطول 00511nam a2200169Ia 4500
008 - عناصر البيانات ثابتة الطول - معلومات عامة
حقل البيانات ثابتة الطول 140319s9999 xx 000 0 eng d
040 ## - مصدر الفهرسة
وكالة الفهرسة الأصلية GCL /
وكالة النسخ GCL
082 04 - رقم تصنيف ديوى العشرى
رقم التصنيف 659.132
رقم المادة A G
100 1# - المدخل الرئيسى - إسم شخصى
الإسم الشخصى ANTIN, TONY
245 10 - بيان العنوان
العنوان GREAT PRINT ADVERTISING: CREATIVE APPROACHES, STRATEGIES AND TACTICS /
بيان المسئوليه,etc ANTIN, TONY
260 ## - PUBLICATION, DISTRIBUTION, ETC. (IMPRINT)
تاريخ النشر أو التوزيع 993
650 04 - المدخل الاضافى بالموضوع-مصطلح موضوعى
مصطلح موضوعي ADVERTISING, MAGAZINE
650 04 - المدخل الاضافى بالموضوع-مصطلح موضوعى
مصطلح موضوعي ADVERTISING
650 04 - المدخل الاضافى بالموضوع-مصطلح موضوعى
مصطلح موضوعي ADVERTISING LAY OUT AND TYPOGRAPHY
942 ## - عناصر المدخل الإضافي( كوها)
مصدر التصنيف او مخطط الترفيف Dewey Decimal Classification
Koha [default] item type كتاب
260 ## - PUBLICATION, DISTRIBUTION, ETC. (IMPRINT)
-- [S.N] :
-- JOHN WILEY AND SONS. INC ،
Holdings
حالة التراجع حالة الفقد حالة تلف ليس للاعارة المكان المؤقت الموقع الحالى تاريخ الاكتساب اجمالي اﻻعارات رقم الطلب الباركود تاريخ اخر مشاهدة تاريخ تفعيل السعر نوع وعاء كوها
        مكتبة القاهرة الكبرى مكتبة القاهرة الكبرى 03/26/2014   659.132\A G 38255 03/26/2014 03/26/2014 كتاب

Powered By

EGPV